000 00740nam a22002177a 4500
003 UA-OsUOA
001 110015
007 ta
008 20150217b un ||||| |||| 00| 0 ukr d
100 _aПренковська А.
090 _a81
_bП71
942 _cSA
040 _aUA-OsUOA
_bukr
_cUA-OsUOA
_dUA-OsUOA
245 _aСуспільно-політичні терміни в лексикографії радянського і пострадянського періодів (Порівняльний аспект)
300 _aС.35-40
955 _a0
041 _aukr
080 _a81
773 0 _w110012
650 7 _a8 Мовознавство. Художня література. Літературознавство
_2UDC
999 _c395916
_d395916